Представление документа в формате RUSMARC

ПолеНазваниеЗначение
  Тип записи a
  Библиографический уровень m
001 Контрольный номер RU\bookru\bibl\916555
003 Постоянный идентификатор записи http://www.book.ru/book/916555
005 Дата корректировки 20161026112404.6
010 Индекс ISBN __
a ISBN 978-5-406-03124-7
100 Данные общей обработки 0_
a Данные общей обработки 20150101d2015 mk y0rusy50 ca
101 Язык документа 0_
a Язык текста Русский
102 Страна публикации __
a Страна публикации RU
105 Кодированные данные (монография) __
a Кодированные данные (монография) y ||||000yy
200 Заглавие и сведения об ответственности 1_
a Заглавие Экономическая теория (для бакалавров)
210 Выходные данные __
a Место издания Москва
c Издательство КноРус
d Дата издания 2015
215 Физическое описание __
a Объем 331
330 Аннотация __
a Аннотация Содержатся все основные темы курса, определенные в образовательном стандарте по подготовке бакалавра и специалиста по экономике. Сложнейшие экономические теоретические проблемы излагаются в доступной форме по принципу «максимум знаний — минимум времени». Раскрывается механизм действия экономических законов в условиях смешанной рыночной экономики с учетом российских реалий. Соответствует Федеральному государственному образовательному стандарту высшего профессионального образования третьего поколения. Для студентов бакалавриата, магистрантов, аспирантов и преподавателей вузов, учащихся лицеев, колледжей, слушателей курсов повышения квалификации и переподготовки кадров.
606 Тематические рубрики __
a Основная рубрика Экономические науки в целом. Экономическая теория
2 Код системы local
608 Указатель предметных рубрик __
a Жанр/форма Учебное пособие
2 Код системы local
675 Индекс УДК __
a Индекс УДК 330(075.8)
z Язык издания rus
686 Индексы других классификаций __
a Классификационный индекс 65.01я73
2 Код системы rubbk
700 Автор _1
a Фамилия Носова С.С.
801 Источник записи _1
a Страна RU
b Организация book_ru
c Дата составления 20150101
g Правила каталогизации RCR
856 Электронный адрес документа 4_
u Универсальный указатель ресурса (URL) http://www.book.ru/book/916555
951 __
a http://www.book.ru/book/916555